Geography Quiz

Random Geography or Flags Quiz

Progressively Harder Asian Flags Quiz Stats

 Plays Quiz Updated Sep 18, 2017

Score 0/49 Timer 08:00
2 Plays Today
% Correct
Japan
99.9%
South Korea
98.5%
China
97.7%
Israel
97.6%
India
96.2%
Turkey
94.7%
Saudi Arabia
91.7%
Russia
91.2%
Iraq
89.8%
Nepal
87.7%
North Korea
85.3%
Vietnam
83.2%
Pakistan
82.5%
Lebanon
82.5%
Georgia
79.6%
Malaysia
79.6%
Iran
78.4%
Cambodia
76.6%
Sri Lanka
75.6%
Syria
73.3%
Bhutan
72.5%
Qatar
71.4%
Bangladesh
70.9%
Thailand
70.9%
Kazakhstan
67.6%
% Correct
Indonesia
65.6%
Bahrain
63.3%
Laos
62.3%
Afghanistan
62%
UAE
60.9%
Jordan
59.6%
Singapore
57.7%
Philippines
57.1%
Mongolia
56.7%
Armenia
56.4%
Kuwait
56.1%
Brunei
53.1%
Turkmenistan
52.8%
Taiwan
52%
Uzbekistan
50.3%
Yemen
49.9%
Palestine
49.7%
Kyrgyzstan
47.4%
Azerbaijan
46.2%
Oman
44.3%
Myanmar
43.5%
Timor-Leste
43%
Maldives
41.2%
Tajikistan
39.6%

You're not logged in!

Compare scores with friends on all Sporcle quizzes.
Join for Free
OR
Log In

You Might Also Like...

Show Comments

Extras

Top Quizzes Today


Score Distribution

Your Account Isn't Verified!

In order to create a playlist on Sporcle, you need to verify the email address you used during registration. Go to your Sporcle Settings to finish the process.

Report this User

Report this user for behavior that violates our Community Guidelines.

Details: